000 01183cam a22003134a 4500
090 _c0
001 13862116
005 20060307105827.0
008 050204s2003 maua 001 0 eng
010 _a 2004559159
020 _a0619100052
040 _aDLC
_cDLC
_dDLC
042 _apcc
050 0 0 _aQA76
_b.P356 2003
082 0 0 _a004
_222
_bPAR
100 1 _aParsons, June Jamrich.
245 1 0 _aNew perspectives on computer concepts /
_cby June Jamrich Parsons and Dan Oja.
250 _a6th ed.
260 _aBoston :
_bThomson Course Technology,
_cc2003.
300 _axxiii, 728 p. :
_bcol. ill. ;
_c28 cm. +
_e1 CD-ROM (4 3/4 in.)
500 _aIncludes index.
650 0 _aComputers.
650 0 _aElectronic data processing.
700 1 _aOja, Dan.
942 _2ddc
_cBB
999 _c10455
_d10455